Quality innovation : An economic analysis of rapid improvements in microectronic compoment

Đã lưu trong:
Bibliografiske detaljer
Hovedforfatter: Swann, G. M.P.
Format: Bog
Sprog:Undetermined
Udgivet: London Frances Pinter 1986
Fag:
Tags: Tilføj Tag
Ingen Tags, Vær først til at tagge denne postø!
Thư viện lưu trữ: Trung tâm Học liệu Trường Đại học Cần Thơ
LEADER 00556nam a2200193Ia 4500
001 CTU_82941
008 210402s9999 xx 000 0 und d
082 |a 338.4 
082 |b S972 
100 |a Swann, G. M.P. 
245 0 |a Quality innovation : 
245 3 |b An economic analysis of rapid improvements in microectronic compoment 
245 0 |c G. M.P. Swann 
260 |a London 
260 |b Frances Pinter 
260 |c 1986 
650 |a Microectronic industry 
904 |i QHieu(sửa) 
980 |a Trung tâm Học liệu Trường Đại học Cần Thơ